[Event "ITA-ch U14"]
[Site "San Nicola Arcella"]
[Date "2004.07.05"]
[Round "2"]
[White "Di Censo, Angelo"]
[Black "Coatti, Nicola"]
[Result "1-0"]
[WhiteElo "1546"]
[BlackElo "1580"]
[PlyCount "69"]
[EventDate "2004.07.04"]
[EventType "swiss"]
[EventRounds "8"]
[EventCountry "ITA"]
[SourceTitle "EXT 2024"]
[Source "ChessBase"]
[SourceDate "2023.10.10"]
[SourceVersion "1"]
[SourceVersionDate "2023.10.10"]
[SourceQuality "1"]

1. e4 d5 2. exd5 Qxd5 3. Nc3 Qa5 4. d4 e5 5. Bd2 exd4 6. Nb5 Qb6 7. Nf3 Bc5 8. b4 d3 9. bxc5 Qxb5 10. Be3 Bf5 11. cxd3 Nd7 12. d4 Qb4+ 13. Bd2 Qa3 14. Bc4 Ngf6 15. Rc1 Ne4 16. Ng5 0-0 17. Nxe4 Bxe4 18. Rc3 Qb2 19. 0-0 Nf6 20. Be1 a6 21. f3 Bg6 22. h4 b5 23. Bb3 Qa3 24. Bxf7+ Bxf7 25. Rxa3 c6 26. g4 Nd5 27. h5 Rfe8 28. Bf2 Nb4 29. Re1 Rf8 30. Qd2 Nd5 31. h6 g6 32. Qg5 a5 33. Qe5 Nf6 34. Qxf6 b4 35. Qg7# 1-0